[Event "Turkish Women-ch Arzum 2022"]
[Site "Ayvalik"]
[Date "2022.03.09"]
[Round "7.3"]
[White "Kocyigit, Buse Naz"]
[Black "Akat, Elifnaz"]
[Result "0-1"]
[WhiteElo "2023"]
[BlackElo "1673"]
[Annotator "TA"]
[PlyCount "118"]
[EventDate "2022.03.04"]
[EventType "swiss"]
[EventCountry "TUR"]
[SourceTitle "playchess.com"]
[Source "ChessBase"]
[SourceQuality "1"]

{[%evp 21,118,-15,-8,-72,-61,-60,-53,-89,-101,-84,-57,-54,-60,-64,-48,-74,-21,-36,-32,-41,-21,-27,-20,-66,-26,-22,-25,-24,-15,-85,-42,-116,-77,-119,-34,-119,-85,-86,-40,-39,-32,-60,-10,-32,-10,-33,0,-95,-45,-248,-261,-235,-187,-205,0,0,153,159,918,461,440,442,1629,1583,29990,27,29979,29980,12837,0,0,0,0,-71,-89,-91,0,0,0,0,85,-18,0,-593,-587,-549,-581,-601,1604,-792,-792,-736,-697,-29995,-29996,-29997,-29998,-29998,-29999]} 1. d4 d5 2. Nf3 c6 3. c4 Nf6 4. Nc3 e6 5. e3 Bd6 6. Qc2 Nbd7 7. Be2 O-O 8. O-O Qe7 9. e4 dxe4 10. Nxe4 Nxe4 11. Qxe4 e5 {[#]} 12. Ng5 $146 {D45: Semi-Slav: 5 e3.} (12. Bg5 $11 Nf6 13. Qe3 exd4 14. Qxe7 (14. Nxd4 Qe5 $11) 14... Bxe7 15. Nxd4) ({Predecessor:} 12. Bg5 Qe6 13. c5 Bc7 14. Bd3 Qg6 15. Qe3 exd4 16. Qxd4 Qh5 17. h4 h6 18. Be7 Re8 19. Rfe1 Nf8 20. Bd6 Rxe1+ 21. Rxe1 Bxd6 22. cxd6 {1-0 (37) Vakhidov,J (2500)-Das,A (2451) Hastings 2018}) 12... Nf6 $17 13. Qh4 Bf5 14. c5 {Black is slightly better.} Bc7 15. Nf3 {[%cal Bg5f3,Bf3e1,Be1c2,Bc2e3][%mdl 32]} e4 16. Ne1 h6 17. Nc2 Rfe8 {Black is more active.} 18. Ne3 Bh7 (18... Bd7 $17) 19. Bd2 Rad8 20. Bc3 Qe6 21. Bc4 Nd5 22. Rfe1 (22. Bb3 $11 {feels stronger.}) 22... Qc8 23. Nxd5 cxd5 24. Bf1 f5 25. Qh5 (25. f4 $11 {keeps the balance.}) 25... Re6 (25... f4 $17) 26. g3 (26. Be2 $15) 26... g5 27. Qd1 ({Better is} 27. Bg2) 27... Rg6 (27... Rf6 $17 {Threatens to win with ...f4.} 28. Bh3 g4) 28. Qa4 ({White should try} 28. f3 $1 $15) 28... Qb8 29. Ba5 b6 (29... f4 $17) 30. Bb4 $15 f4 {[%cal Bf5f4,Bf4g3,Bg3h2][%mdl 32]} 31. Rac1 e3 (31... Rg7 $15) 32. fxe3 fxg3 (32... f3 $5 {[%cal Rc7g3]} 33. Bd3 Rf6 34. Bxh7+ Kxh7 $11) 33. Bg2 Re6 34. Qb3 (34. e4 $11 bxc5 35. dxc5 gxh2+ 36. Kh1) 34... Be4 $1 $17 35. cxb6 $2 (35. h3 $15) 35... gxh2+ $19 36. Kh1 Bxg2+ (36... axb6 37. Bxe4 Rxe4 38. Rc6 $18) 37. Kxg2 Rxb6 (37... Qxb6 $19 {Strongly threatening ...Rf6.} 38. Kh1 g4) 38. Qc2 $11 {[%cal Og2h1]} Bg3 $2 (38... Rxb4 39. Qg6+ Kh8 40. Qxh6+ Kg8 41. Kh1 (41. Qg6+ Kh8 $16) 41... Rxb2 42. Qg6+ Kh8 43. Qf6+ Kg8 44. Qxg5+ Kh8 45. Qf6+ Kg8 46. e4 $18) (38... Kh8 $11 39. Qxc7 Rxb4) 39. Rf1 $1 $16 {[%cal Of1f7] Black must now prevent Rf7!} Bh4 $2 {[#]} (39... Re8 $16) 40. Qf5 $1 {White wants to mate with Qf7+.} Qb7 {Prevents Qf7+.} (40... Rxb4 41. Qg6+ Kh8 42. Qxh6+ Kg8 43. Qg6+ Kh8 44. Rf7 Qg3+ 45. Kh1) (40... Kh8 41. Be7 g4 42. Bxd8 h1=B+ 43. Kxh1) 41. Ba5 {[%mdl 64] Skewer} Rxb2+ (41... Qh7 $142 42. Rc8 Rxb2+ 43. Kh1 Qxf5 44. Rxd8+ Kg7 45. Rxf5 g4) 42. Kh1 $18 Rd7 43. Qf8+ Kh7 44. Rc8 {[%csl Gc8][%cal Rf8g8]} Kg6 45. Qf5+ $2 (45. Qe8+ $18 Rf7 46. Rc7 Qxc7 47. Bxc7) 45... Kh5 $11 46. Rg8 {White threatens Qf3+ and mate.} Rg7 47. Qf3+ (47. Rxg7 $11 {remains equal.} Qxg7 48. Rf4) 47... g4 $17 48. Qf5+ Bg5 (48... Rg5 $17 49. Rxg5+ Bxg5) 49. Rxg7 $11 Qxg7 50. Rf4 Qe7 (50... g3 $11 51. Qh3+ (51. Be1 Qc7 $11) 51... Kg6 52. Qf5+ Kh5 53. Qh3+ (53. Be1 Qc7 $11) 53... Kg6 54. Qf5+ Kh5) 51. Qxg4+ (51. Be1 $16 Re2 52. Qxg4+ Kg6 53. Bb4 $1 (53. Qxe2 Bxf4 54. Qc2+ Kg7 $15) 53... Qxe3 54. Qf5+ Kg7 55. Qd7+ Be7 56. Rg4+ Kf6 57. Qc6+ (57. Bxe7+ Qxe7 58. Qxd5 Re1+ 59. Kxh2 Qc7+ 60. Kg2 Re3 $11) 57... Qe6 58. Bxe7+ Kf5 59. Qxe6+ Kxe6 60. Ba3) 51... Kg6 {And now ...Kg7 would win. Chess con chili.} 52. Bd8 $2 {[%mdl 8192]} Qxd8 $19 53. Qe6+ Bf6 ({Less strong is} 53... Kh7 54. Rf7+ Kh8 55. Qf5 Rb1+ 56. Qxb1 $18) 54. Rg4+ Kh5 $4 {[%mdl 8192]} (54... Kh7 $19 55. e4 Bg5 56. exd5 Qf8 57. Qe4+ Kg7) 55. Rg8 $4 {[%mdl 8192]} (55. Rg3 $18 Bg5 56. Rh3+ Bh4 57. Qf5+ Qg5 58. Qf7+ Qg6 59. Qxd5+ Qg5 60. Qf7+ Qg6 {[#]} 61. Rxh4+ $1 {[%mdl 512]} Kxh4 62. Qxg6) 55... Rb1+ 56. Kxh2 Qc7+ 57. Kg2 {[%csl Gg8][%cal Re6g4]} Qc2+ {Black mates.} 58. Kh3 Rh1+ 59. Kg3 Qh2+ {Weighted Error Value: White=0.99/Black=0.48} 0-1

[Event "Turkish Women-ch Arzum 2022"]
[Site "Ayvalik"]
[Date "2022.03.09"]
[Round "7.4"]
[White "Acarbay, Algi"]
[Black "Hereklioglu, Sude"]
[Result "1-0"]
[WhiteElo "1992"]
[BlackElo "1924"]
[Annotator "ChessBase"]
[PlyCount "45"]
[EventDate "2022.03.04"]
[EventType "swiss"]
[EventCountry "TUR"]
[SourceTitle "playchess.com"]
[Source "ChessBase"]
[SourceQuality "1"]
[TimeControl "5400+30"]

1. e4 {[%emt 0:02:00]} c5 {[%emt 0:01:00]} 2. Nf3 {[%emt 0:00:30]} a6 {[%emt 0:00:30]} 3. c3 {[%emt 0:00:30]} d5 {[%emt 0:00:30]} 4. exd5 {[%emt 0:00:30]} Qxd5 {[%emt 0:00:30]} 5. d4 {[%emt 0:00:30]} cxd4 {[%emt 0:01:30]} 6. cxd4 {[%emt 0:01:30]} Nf6 {[%emt 0:03:30]} 7. Nc3 {[%emt 0:00:30]} Qd6 {[%emt 0:01:30]} 8. Bc4 {[%emt 0:08:30]} b5 {[%emt 0:05:30]} 9. Bb3 {[%emt 0:00:30]} Bb7 {[%emt 0:01:30]} 10. O-O {[%emt 0:03:30]} e6 {[%emt 0:01:30]} 11. Bg5 {[%emt 0:18:30]} b4 {[%emt 0:18:30]} 12. Na4 {[%emt 0:04:30]} Nbd7 {[%emt 0:14:30]} 13. Re1 {[%emt 0:14:30]} Nd5 {[%emt 0:12:30]} 14. Bh4 {[%emt 0:10:30]} h5 {[%emt 0:10:30]} 15. Nc5 {[%emt 0:04:30]} Bc6 {[%emt 0:04:54]} 16. Rc1 {[%emt 0:08:54]} g5 {[%emt 0:08:53]} 17. Bg3 {[%emt 0:05:38]} Nf4 {[%emt 0:01:43]} 18. Bxf4 {[%emt 0:06:08]} Qxf4 {[%emt 0:00:43]} 19. Nxe6 {[%emt 0:00:30]} fxe6 {[%emt 0:00:00]} 20. Rxe6+ {[%emt 0:00:00]} Kd8 {[%emt 0:00:29]} 21. Rexc6 {[%emt 0:01:04]} Bg7 {[%emt 0:04:08]} 22. g3 {[%emt 0:01:26]} Qe4 {[%emt 0:00:44]} 23. Nxg5 {[%emt 0:01:18]} 1-0

[Event "Turkish Women-ch Arzum 2022"]
[Site "Ayvalik"]
[Date "2022.03.09"]
[Round "7.5"]
[White "Incecik, Seyma Zeynep"]
[Black "Aydin, Gulenay"]
[Result "1/2-1/2"]
[WhiteElo "1777"]
[BlackElo "2069"]
[Annotator "TA"]
[PlyCount "91"]
[EventDate "2022.03.04"]
[EventType "swiss"]
[EventCountry "TUR"]
[SourceTitle "playchess.com"]
[Source "ChessBase"]
[SourceQuality "1"]

{[%evp 24,91,0,0,0,0,0,0,0,0,0,0,0,0,60,55,56,-60,37,31,35,9,38,37,21,42,44,-51,-45,-50,-66,-81,-85,-83,-79,-93,-13,-22,-22,-14,-18,-108,0,0,8,19,47,0,0,-22,0,-77,-82,-71,-79,-249,-230,-389,-214,-371,0,0,0,0,8,8,14,8,159,0]} 1. e4 c6 2. d4 d5 3. Nc3 dxe4 4. Nxe4 Bf5 5. Ng3 Bg6 6. h4 h6 7. Nf3 Nd7 8. h5 Bh7 9. Bd3 Bxd3 10. Qxd3 e6 11. Bd2 Ngf6 12. O-O-O Be7 13. Kb1 Qb6 {B19: Classical Caro-Kann: 4...Bf5 main line.} 14. Rhe1 O-O 15. Nf5 exf5 {The position is equal.} 16. Rxe7 {And now Nh4 would win.} Qd8 $1 17. Ree1 Ne4 18. Be3 {[%cal Og2g4]} Re8 {[#]} (18... Ndf6 $11) 19. d5 $146 {Threatens to win with dxc6.} ({Predecessor:} 19. g3 b5 20. Ka1 Ndf6 21. Ne5 Qd5 22. Qf1 Rad8 23. Qg1 Ng4 24. Nd3 Nef6 25. Nf4 {0-1 (66) Christiansen,J (2558)-Berkes,F (2667) Batumi 2019}) 19... c5 {[%cal Of5f4]} 20. Qb5 (20. Nd2 $1 $14) 20... Qc8 (20... a6 $15 21. Qb3 (21. Qxb7 Rb8 $19) 21... Ndf6) 21. Nd2 a6 22. Qf1 b5 23. Nxe4 $1 fxe4 24. f3 Qc7 25. g4 ({White should try} 25. fxe4 $14 Rxe4 26. Qf3) 25... Qg3 $15 26. fxe4 Rxe4 27. Bf2 Qxg4 {White must now prevent ...Rae8.} 28. Qh1 Rxe1 29. Rxe1 Nf6 (29... Qf4 $17 30. Be3 Qd6) 30. Bxc5 $11 Qxh5 (30... Qf5 {is more complex.} 31. d6 Rd8 32. b4 Qxh5 33. Qxh5 Nxh5 34. c4 f5) 31. Qxh5 Nxh5 {[%mdl 4096] Endgame KRB-KRN} 32. Be7 {To avoid Rd8} (32. b3 $1 $11) 32... Ra7 (32... f6 $17 {...Kf7 is the strong threat.} 33. b3 Nf4) 33. b3 $1 f6 34. c4 Kf7 35. Bc5 (35. d6 $14 bxc4 36. bxc4) 35... Rd7 36. Kc2 Nf4 37. Bd4 (37. Ba3 $11) 37... h5 $17 {[%cal Bh6h5,Bh5h4][%mdl 32]} 38. Rf1 g5 39. Rf3 $2 (39. Be3 $17) 39... h4 $19 40. Be3 $2 (40. Bf2 Ng2 41. Rd3) 40... bxc4 (40... Ng2 $142 41. Kd2 g4) 41. bxc4 $2 {[#]} (41. Bxf4 {was the only chance.} cxb3+ 42. axb3 Rxd5 43. Bb8) 41... Nxd5 $2 42. Bxg5 $1 $11 Rc7 43. Kb3 Ke8 44. Bxh4 Nb6 45. Rf4 Rxc4 $2 {[#]} 46. Rxf6 $1 {Weighted Error Value: White=0.32/Black=0.44} 1/2-1/2

[Event "Turkish Women-ch Arzum 2022"]
[Site "Ayvalik"]
[Date "2022.03.09"]
[Round "7.5"]
[White "Kalayci, Nino"]
[Black "Gokbulut, Yulia"]
[Result "0-1"]
[WhiteElo "1775"]
[BlackElo "1902"]
[Annotator "TA"]
[PlyCount "142"]
[EventDate "2022.03.04"]
[EventType "swiss"]
[EventCountry "TUR"]
[SourceTitle "playchess.com"]
[Source "ChessBase"]
[SourceQuality "1"]

{[%evp 9,142,-4,3,-25,-18,-20,-16,-54,-10,-30,0,0,0,0,0,0,6,0,0,-16,9,6,10,8,26,27,27,23,39,-37,-29,-19,89,0,0,-9,0,0,62,19,44,44,44,44,58,43,56,0,13,0,0,0,0,0,0,0,0,1,3,0,0,4,6,5,3,5,14,15,11,0,8,0,6,5,32,0,8,0,0,0,0,-16,-20,-16,-8,-306,-291,-302,-247,-350,-383,-472,-482,-345,-71,-83,-84,-1129,-1024,-1404,-1376,-1243,-1060,-29977,-29978,-29978,-29979,-29978,-29971,-29974,-29975,-29975,-29976,-29974,-29975,-29981,-29982,-29981,-29982,-29982,-29980,-29977,-29974,-29982,-29983,-29984,-29985,-29985,-29986,-29986,-29986,-29988,-29989,-29989,-29988]} 1. d4 Nf6 2. Nf3 b6 3. c4 e6 4. Bg5 h6 5. Bh4 Bb7 6. Nbd2 {E12: Queen's Indian: Unusual White 4th moves, 4 a3, 4 Nc3 Bb7 5 a3 and 4 Nc3 Bb7 .} Be7 7. e3 c5 8. Bd3 {The position is equal.} d6 (8... g5 $15 {feels stronger.} 9. Bg3 cxd4) 9. h3 Nbd7 {[#]} 10. Bg3 $146 ({Predecessor:} 10. O-O O-O 11. b3 Nh5 12. Bxe7 Qxe7 13. Nh2 Nhf6 14. Qc2 Rac8 15. Rae1 Nb8 16. Ndf3 {0-1 (44) Taylor,R (1787)-Bak,C (2041) England 2017}) 10... O-O 11. O-O Rc8 12. Rc1 Re8 13. Re1 Bf8 14. e4 cxd4 15. Nxd4 Nc5 16. Bb1 g6 17. b4 Na6 18. a3 Nc7 {[%cal Ba6c7,Bc7e8,Be8d6,Bd6c4][%mdl 32]} 19. N4b3 (19. e5 $14 Nh5 20. Bh2) 19... Nh5 $15 20. Bh2 d5 (20... e5 $1 $11) 21. exd5 (21. c5 $16) 21... exd5 $11 22. Rxe8 Nxe8 23. c5 Qf6 ({Black should play} 23... a5 $11) 24. cxb6 (24. Bd3 $14) 24... Rxc1 25. Qxc1 axb6 26. Nf3 $1 Qe7 27. Nbd4 Nd6 28. Ne5 (28. Bd3 $14) 28... Bg7 29. Qe3 {[%cal Oe5g6] With the idea Nxg6!} Bxe5 30. Qxe5 ({Wrong is} 30. Bxe5 $2 Nc4 31. Nf5 Qxe5 $19) 30... Qxe5 31. Bxe5 Nc4 {[%csl LRa3,LRe5]} 32. Bc7 Nxa3 33. Bd3 Nc4 34. f3 Kf8 35. Kf2 Ke7 36. Bxc4 dxc4 37. Bxb6 {[%mdl 4096] Endgame KBN-KBN} Kd6 38. Nc2 Nf4 39. Bc5+ Ke5 40. Bb6 {[#] Black must now prevent Bc7+.} Nd3+ 41. Ke3 f5 42. g3 Kd5 43. f4 Bc6 44. Kd2 Bb5 45. Ne3+ Ke4 46. Kc3 Kf3 47. Nd5 $2 {[%mdl 8192]} (47. Nxc4 $11 {and White is okay.} Nc1 48. Kd4) 47... Kxg3 $19 48. Nc7 Bd7 49. Kxc4 (49. Nd5 $142) 49... Nxf4 50. Be3 g5 51. b5 Bxb5+ 52. Nxb5 $17 Nxh3 {[#] And now ...f4 would win.} 53. Nc3 $2 {[%mdl 8192]} (53. Nd6 $17) 53... f4 $19 54. Bc5 f3 55. Kd3 f2 56. Ke2 Kg2 {Black mates.} 57. Bxf2 Nxf2 {KN-KN} 58. Nd5 Ng4 59. Nc3 Nf6 60. Nd1 h5 61. Ne3+ Kg3 62. Nf1+ Kf4 63. Ne3 g4 64. Ng2+ Kg3 65. Ne3 Ne4 66. Nf5+ Kf4 67. Nh4 Kg5 68. Ng2 h4 {[%cal Bh5h4,Bh4h3,Bh3h2][%mdl 32]} 69. Kf1 h3 70. Ne3 g3 71. Kg1 h2+ {Weighted Error Value: White=0.52/Black=0.20 (precise)} 0-1

[Event "Turkish Women-ch Arzum 2022"]
[Site "Ayvalik"]
[Date "2022.03.09"]
[Round "7.6"]
[White "Caglar, Sila"]
[Black "Catal, Uktenur"]
[Result "1/2-1/2"]
[WhiteElo "2200"]
[BlackElo "1832"]
[Annotator "TA"]
[PlyCount "120"]
[EventDate "2022.03.04"]
[EventType "swiss"]
[EventCountry "TUR"]
[SourceTitle "playchess.com"]
[Source "ChessBase"]
[SourceQuality "1"]

{[%evp 18,120,28,25,47,31,24,22,21,19,19,-37,0,-8,21,28,29,29,23,-54,-53,-41,-57,-116,-111,-104,-111,-109,-104,-162,-133,-198,-181,-231,-164,-303,-49,-65,0,0,0,-28,-47,-121,-91,-109,-105,-106,-108,-116,-120,-117,-54,-47,-62,-53,-14,-212,-39,-39,-82,-219,-231,-1145,-1161,-1018,0,0,0,0,0,0,-22,-811,-790,-800,-734,-514,0,0,0,0,0,0,0,0,0,0,0,0,0,0,0,0,0,0,0,0,0,0,0,0,0,0,0]} 1. Nf3 Nf6 2. b3 g6 3. Bb2 Bg7 4. e3 O-O 5. Be2 d6 6. d4 Nbd7 7. O-O e5 8. c4 e4 9. Nfd2 Re8 10. Nc3 Nf8 {E61: King's Indian: Early deviations for White, including Smyslov System.} 11. Qc2 {[%cal Rd2e4]} Bf5 12. Rfd1 h5 13. Nf1 h4 {[#] Inhibits Ng3.} 14. d5 $146 ({White should try} 14. h3 $11) ({Predecessor:} 14. Qd2 N8h7 15. f3 exf3 16. Bxf3 c6 17. Be2 Ng5 18. Bd3 Bxd3 19. Qxd3 Qd7 20. Re1 {0-1 (34) Jankowiak,P (1917)-Olszewski,M (2540) Katowice 2017}) 14... N8d7 15. Nb5 Ng4 16. Bxg7 Kxg7 17. Qc3+ Kh7 {[%cal Oh4h3]} 18. f3 ({Better is} 18. h3 $11 Nge5 19. Qd4) 18... exf3 $15 19. gxf3 Nh6 20. Kf2 (20. e4 $15) 20... Bh3 21. Nd2 a6 (21... Qg5 22. Rg1 Qd8 23. Bf1 Bxf1 24. Raxf1 $14) 22. Na3 Ne5 (22... Qg5 $6 23. Rg1 Qe7 24. Bf1 Bxf1 25. Raxf1 $11 (25. Ne4 Bd3 $15)) 23. Ke1 (23. Nc2 $17) 23... f5 24. Kf2 (24. f4 $17 {is a better defense.} Neg4 25. Nf3 Rxe3 26. Rd3 Rxd3 27. Qxd3) 24... Qf6 $19 (24... Qg5 25. Rg1 Qf6 26. Rac1 $11) 25. Rac1 (25. Qd4 {was necessary.}) 25... g5 {...g4 is the strong threat.} (25... Qg5 26. Rg1 Qf6 27. f4 Neg4+ 28. Bxg4 Qxc3 29. Rxc3 $11) 26. c5 (26. Rg1 {was worth a try.}) 26... Re7 $2 (26... g4 $1 $19 {[%cal Rg4g3]} 27. Nac4 gxf3 28. Bxf3 Nhg4+ 29. Ke2 Qh6) 27. Nac4 $15 Rae8 (27... g4 $15 28. Rg1 Rg8) 28. Nxe5 $1 $11 dxe5 (28... Qxe5 29. Qxe5 dxe5 30. Rg1 $14) (28... Rxe5 $2 29. cxd6 (29. Nc4 f4 $16) 29... cxd6 30. Nc4 $18) 29. Nc4 g4 30. d6 (30. Rg1 $15) 30... g3+ $1 $17 31. hxg3 (31. Kg1 $2 Qg5 $1 32. e4 gxh2+ 33. Kf2 Rf7 $19) 31... hxg3+ 32. Ke1 {[#]} (32. Kxg3 {leads to mate.} Qg5+ 33. Kf2 Qh4+ 34. Kg1 Qg3+ 35. Kh1 Qg2#) 32... g2 $1 33. Kd2 cxd6 34. cxd6 Rd7 (34... Re6 $1 $17 {White must now prevent ...b5.} 35. Kc2 Rd8) 35. f4 $1 $15 {[%cal Rf4e5]} Nf7 36. Kc2 b5 (36... Rc8 $5 {[%cal Rb7b5]} 37. fxe5 Qh6 $15) 37. e4 $2 Bg4 $2 ({Black should play} 37... Qh4 $19 38. Nb6 Rxd6 39. Rxd6 Nxd6 40. Qc7+ Qe7) 38. Bxg4 fxg4 39. fxe5 Qf2+ $19 {[%mdl 64] Skewer} ({Not} 39... Nxe5 40. Nxe5 Qxe5 41. Qxe5 Rxe5 42. Kb2 $11) 40. Nd2 $2 (40. Qd2 g3 41. Rg1 bxc4 42. Qxf2 gxf2 43. Rxg2 Rxe5 44. Rh1+ Nh6 45. Rxf2 cxb3+ 46. axb3 Rxd6 47. Re1) 40... Nxe5 41. Kb1 Nf3 $2 (41... Rxd6 $19 42. Qc7+ Rd7) 42. Qc6 $11 Red8 43. Nxf3 gxf3 44. e5 {Really sharp!} Qg3 45. Qe4+ $2 {[%mdl 8192]} (45. e6 $11) 45... Qg6 $19 46. Qxg6+ Kxg6 {[%mdl 4096] Endgame KRR-KRR} 47. Rd3 Kf5 $2 (47... Rf8 $19 48. e6 {[#]} f2 $1 {[%mdl 512]} 49. Rg3+ Kh7 50. Rxg2 f1=Q $1 {[%mdl 512]} 51. Rh2+ Kg6 52. exd7 Qd3+ 53. Ka1 Qd4+ 54. Kb1 Qe4+ 55. Rhc2 Rd8 56. Rg1+ Kf7 57. Rf1+ Ke6) 48. Rxf3+ $11 {The position is equal.} Kxe5 {aiming for ...Rg8.} 49. Rg3 {Prevents Rg8.} Rxd6 50. Rxg2 Rd1 51. Rg6 Rxc1+ 52. Kxc1 {KR-KR} Rd6 53. Rg5+ Kf4 54. Rc5 Ke4 55. Kc2 Kd4 56. Rc8 Rh6 57. Rd8+ Kc5 {Hoping for ...Kb4.} 58. Rd2 a5 59. Rg2 Kb6 60. a3 Rc6+ {Weighted Error Value: White=0.48/Black=0.41} 1/2-1/2

[Event "Turkish Women-ch Arzum 2022"]
[Site "Ayvalik"]
[Date "2022.03.09"]
[Round "7.6"]
[White "Aydin, Gulenay"]
[Black "Bese, Irem"]
[Result "1/2-1/2"]
[WhiteElo "2069"]
[BlackElo "1714"]
[Annotator "TA"]
[PlyCount "72"]
[EventDate "2022.03.04"]
[EventType "swiss"]
[EventCountry "TUR"]
[SourceTitle "playchess.com"]
[Source "ChessBase"]
[SourceQuality "1"]

{[%evp 18,72,-8,-28,-16,-35,-47,-56,-46,-107,-49,-121,-122,-106,-112,-127,-120,-149,-119,-131,-107,-115,-87,-89,-45,-72,-95,-43,79,67,52,66,60,55,48,10,25,18,18,25,193,165,180,0,0,0,0,-39,0,0,94,50,50,8,18,0,59]} 1. e4 e6 2. d3 c5 3. Nf3 d6 4. Nbd2 g6 5. g3 Bg7 6. Bg2 Ne7 7. O-O O-O 8. Re1 Nbc6 9. Nf1 {9.a4 is the hot move.} Rb8 10. h4 h6 {A04: Unusual lines after 1 Nf3 and King's Indian Attack.} 11. N1h2 e5 12. h5 {[#]} Be6 $146 {Black is slightly better.} (12... gxh5 13. Nh4 $11) ({Predecessor:} 12... g5 13. Nd2 Be6 14. Nc4 d5 15. exd5 Nxd5 16. Ng4 Qc7 17. Qe2 Ndb4 18. Bxc6 Nxc6 {0-1 (48) Jirkvalishvili,O (2170)-El Kher,H (2365) Mureck 1998}) 13. Bd2 (13. a3 $15) 13... Qd7 (13... gxh5 $6 14. Nh4 $11) (13... g5 $1 $17 14. g4 Qc8) 14. Nh4 (14. hxg6 $15 fxg6 15. a3) 14... g5 $1 $17 15. N4f3 f5 16. exf5 Bxf5 17. Bc3 b5 18. b3 Nd5 19. Bb2 {[%cal Of3g5]} Nf6 20. Nd2 d5 (20... a5 $17) 21. Bxe5 Nxe5 22. Rxe5 Ne4 {[#]} 23. dxe4 $1 $16 Bxe5 24. exf5 Bxa1 25. Qxa1 {Strongly threatening Ng4.} Qxf5 26. Bf3 {[%cal Ob3b4]} Rbe8 (26... Qxc2 $2 27. Bxd5+ Rf7 28. Ng4 $1 $18) 27. Ng4 Qe6 {[%cal Of8f3]} 28. Qc3 {Qd3 is the strong threat.} Rf5 $2 (28... d4 $2 29. Qxc5 Rxf3 30. Nxh6+ $1 {[%mdl 512]} Qxh6 31. Nxf3 $16) (28... b4 $1 $11 29. Qxc5 Rxf3 30. Nxh6+ (30. Nxf3 Qxg4 31. Qxd5+ Kg7 $11) 30... Qxh6 31. Nxf3 Qxh5 32. Qxd5+ Kg7) 29. Kg2 (29. Qxc5 $6 Rxf3 30. Nxh6+ (30. Nxf3 Qxg4 31. Qxd5+ Kg7 $11) 30... Kh7 31. Nxf3 (31. Qxa7+ Qe7 $11) 31... Kxh6 $14) 29... Ref8 {[%cal Of5f3]} 30. Qxc5 $2 {Dancing on a razor blade.} (30. Qe3 $18 Qxe3 31. Nxe3) 30... Rxf3 $1 $11 31. Nxf3 (31. Nxh6+ Kg7 32. Nxf3 Rxf3 $1 $17) 31... Rxf3 $18 {KQR-KQN} 32. Ne3 (32. Nxh6+ Kg7 33. Qb4 {[#]} (33. Qd4+ Qf6 $17) 33... a5 $1 34. Qd4+ Qf6 35. Qxf6+ Rxf6 $17) 32... g4 (32... Qe4 $5 {[%cal Rf3e3]} 33. Qxd5+ Qxd5 34. Nxd5 Rf8 $11) 33. Nxd5 Rf7 (33... Qe4 $11 {keeps the balance.} 34. Kf1 Rf7) 34. Nf4 (34. Qxb5 $16 {Hoping for Qd3.} Qe4+ 35. Kg1) 34... Qe4+ $14 35. Kg1 (35. Kh2 $14) 35... Qe1+ $1 $11 36. Kg2 (36. Kh2 $11 {might be stronger.}) 36... Qe4+ {Weighted Error Value: White=0.22 (precise) /Black=0.31} 1/2-1/2

[Event "Turkish Women-ch Arzum 2022"]
[Site "Ayvalik"]
[Date "2022.03.09"]
[Round "7.7"]
[White "Kocyigit, Buse Naz"]
[Black "Yilmaz, Gokcen"]
[Result "1-0"]
[WhiteElo "2023"]
[BlackElo "1647"]
[Annotator "TA"]
[PlyCount "55"]
[EventDate "2022.03.04"]
[EventType "swiss"]
[EventCountry "TUR"]
[SourceTitle "playchess.com"]
[Source "ChessBase"]
[SourceQuality "1"]

{[%evp 16,55,44,41,69,74,68,55,71,67,83,71,103,85,111,104,179,120,106,112,124,123,166,170,177,162,234,110,96,90,356,342,374,360,402,397,506,499,509,509,492,439]} 1. Nf3 Nf6 2. d4 g6 3. c4 Bg7 4. g3 O-O 5. Bg2 d6 6. O-O c6 7. Nc3 Qa5 {7...Bf5 is more advanced technology.} 8. Bd2 Qh5 9. Qb3 Na6 {E62: King's Indian: Fianchetto: 6...c6 and Panno Variation (6...Nc6) without ...a6.} 10. h3 {[#]} Qa5 $146 ({Predecessor:} 10... Rb8 11. Ng5 e5 12. dxe5 dxe5 13. Bf3 Qh6 14. Rfd1 e4 15. Bg2 Qh5 16. Bf4 h6 17. Ngxe4 Nxe4 18. Nxe4 {1-0 (55) Almagro Llamas,P (2429)-Moreno Ruiz,J (2435) Madrid 2015}) 11. Qc2 Qc7 {[%cal Ob7b5] White is slightly better.} 12. e4 {White is more active.} e5 13. Be3 Bd7 14. Rfd1 Rfd8 15. Rac1 Rac8 {[#]} (15... Ne8 $16) 16. a3 (16. c5 $1 $18 {[%cal Rc5d6] Hoping for cxd6.} Ne8 17. cxd6 Nxd6 18. Nxe5 (18. dxe5 Nc4 $16)) 16... Be6 17. Qe2 exd4 18. Nxd4 (18. Bxd4 Nd7) 18... Nc5 (18... Qe7 $16) 19. b4 $18 Ncd7 20. f4 {To avoid Ne5} Nf8 (20... Ne8 $142 21. Nxe6 fxe6) 21. Nd5 Bxd5 $16 (21... cxd5 $2 22. cxd5 Qe7 23. dxe6 $18) 22. cxd5 {[%cal Od4b5] [#] And now Nb5! would win.} c5 $2 {[%mdl 8192] This costs Black the game.} (22... Qe7 $16) 23. bxc5 {Black must now prevent Nb5.} dxc5 {[%cal Of6e4]} 24. Nb5 {[%csl LRa7,LRc5,LRc7]} Qb6 25. e5 N6d7 26. Nd6 {White is clearly winning.} Rb8 27. Qa2 {[%cal Od6f7]} Bh6 28. Rb1 {Weighted Error Value: White=0.15 (very precise) /Black=0.37} 1-0